000 00318nam a22001457a 4500
008 210519b ||||| |||| 00| 0 eng d
020 _a0878350705
041 _aeng
080 _a004
082 _a004
100 _a28
101 _aSHKI
245 _aA Structured Approach to General
_cLedin,G
942 _2udc
_cBK
999 _c57454
_d57454